[Event "FRA-ch U20 Girls"]
[White "Aubert, Estee"]
[Black "Aubert, Elea"]
[Site "Agen"]
[Round "9"]
[Result "1-0"]
[Date "2022.04.24"]
[WhiteElo "1994"]
[BlackElo "1408"]
[PlyCount "67"]
[EventDate "2022.04.16"]
[EventType "swiss"]
[EventRounds "9"]
[EventCountry "FRA"]
[SourceTitle "EXT 2023"]
[Source "ChessBase"]
[SourceDate "2022.10.05"]
[SourceVersion "1"]
[SourceVersionDate "2022.10.05"]
[SourceQuality "1"]

1. d4 Nf6 2. Nc3 e6 3. e4 d5 4. e5 Nfd7 5. Nf3 Be7 6. Bd3 Nc6 7. a3 0-0 8. h4 f6 9. Ng5 f5 10. Nxe6 Qe8 11. Nxf8 Nxf8 12. Nxd5 Bd8 13. Be3 Qf7 14. Qf3 Be6 15. Nf4 Bd7 16. b3 Kh8 17. Bc4 Qe8 18. h5 Be6 19. Nxe6 Nxe6 20. Bxe6 Qxe6 21. 0-0 Qf7 22. Rad1 Be7 23. e6 Qf6 24. d5 Ne5 25. Qf4 Ng4 26. Bd4 Qf8 27. h6 Bf6 28. hxg7+ Qxg7 29. Bxf6 Nxf6 30. Rd3 Qe7 31. Qxf5 Rg8 32. Rg3 Rf8 33. Qg5 Rg8 34. Qe5 1-0

[Event "FRA-ch U20 Girls"]
[White "Aubert, Elea"]
[Black "Djidjeli, Sarah"]
[Site "Agen"]
[Round "6"]
[Result "0-1"]
[Date "2022.04.21"]
[WhiteElo "1408"]
[BlackElo "2026"]
[PlyCount "90"]
[EventDate "2022.04.16"]
[EventType "swiss"]
[EventRounds "9"]
[EventCountry "FRA"]
[SourceTitle "EXT 2023"]
[Source "ChessBase"]
[SourceDate "2022.10.05"]
[SourceVersion "1"]
[SourceVersionDate "2022.10.05"]
[SourceQuality "1"]

1. e4 c5 2. Nf3 Nc6 3. Bb5 g6 4. Bxc6 bxc6 5. 0-0 Bg7 6. Re1 Qc7 7. h3 d6 8. c3 Nf6 9. d4 cxd4 10. cxd4 0-0 11. Nc3 c5 12. Be3 Bb7 13. Nd2 cxd4 14. Bxd4 e5 15. Be3 d5 16. exd5 Nxd5 17. Nxd5 Bxd5 18. Nf3 Qb7 19. Qe2 Rab8 20. b3 Bxf3 21. gxf3 e4 22. Rac1 exf3 23. Qd3 Rbd8 24. Qc4 Rc8 25. Qg4 h5 26. Qf4 Qd5 27. Rcd1 Qb7 28. Rd3 Rcd8 29. Red1 Rxd3 30. Rxd3 Qa6 31. Rd2 Qc6 32. Rd1 Re8 33. Rc1 Qd5 34. Qg5 Qe6 35. Qg3 Qf5 36. Rc5 Qxc5 37. Bxc5 Re1+ 38. Kh2 Be5 39. Qxe5 Rxe5 40. Bxa7 Ra5 41. Bd4 Rxa2 42. b4 Rd2 43. Be3 Rb2 44. Bc5 h4 45. Be7 f6 0-1

[Event "FRA-ch U18"]
[White "Randrianarimanana, Alicia"]
[Black "Aubert, Elea"]
[Site "Agen"]
[Round "3"]
[Result "1-0"]
[Date "2021.10.25"]
[WhiteElo "2049"]
[BlackElo "1470"]
[PlyCount "77"]
[EventDate "2021.10.22"]
[EventType "swiss"]
[EventRounds "9"]
[EventCountry "FRA"]
[SourceTitle "EXT 2023"]
[Source "ChessBase"]
[SourceDate "2022.10.05"]
[SourceVersion "1"]
[SourceVersionDate "2022.10.05"]
[SourceQuality "1"]

1. d4 c5 2. e3 e6 3. Nf3 d5 4. b3 Nc6 5. Bb2 Nf6 6. Bd3 Bd6 7. Nbd2 b6 8. Ne5 Bb7 9. f4 cxd4 10. exd4 Qc7 11. a3 Nd7 12. 0-0 0-0 13. Qh5 f5 14. Rf3 Nf6 15. Qh4 Be7 16. Rh3 h6 17. Qg3 Nxe5 18. dxe5 Ng4 19. Nf3 a5 20. Nd4 Bc5 21. Be2 Qf7 22. a4 Rae8 23. Rf1 Qg6 24. Qe1 Qf7 25. Rg3 Be7 26. h3 Bh4 27. hxg4 fxg4 28. Ba3 Qg6 29. Rxg4 Qxg4 30. Bxg4 Bxe1 31. Bxf8 Rxf8 32. Nxe6 Rc8 33. Rxe1 Rxc2 34. Bf3 Rc3 35. Nd4 Rd3 36. Rd1 Rc3 37. Kf2 Kf8 38. f5 Rc7 39. Ne6+ 1-0

[Event "Trophee Roza Lallemand Online"]
[White "Fourriques, Elise"]
[Black "Aubert, Elea"]
[Site "Tornelo INT"]
[Round "9"]
[Result "1-0"]
[Date "2020.12.13"]
[WhiteElo "1220"]
[BlackElo "1470"]
[PlyCount "81"]
[EventDate "2020.12.13"]
[EventType "swiss (rapid)"]
[EventRounds "9"]
[EventCountry "USA"]
[SourceTitle "EXT 2022"]
[Source "ChessBase"]
[SourceDate "2021.10.06"]
[SourceVersion "1"]
[SourceVersionDate "2021.10.06"]
[SourceQuality "1"]

1. e4 e5 2. Nf3 Nf6 3. Nc3 Nc6 4. d4 exd4 5. Nxd4 Bb4 6. Nxc6 bxc6 7. e5 Nd5 8. Bc4 Nxc3 9. Qf3 Nd5+ 10. c3 Bc5 11. 0-0 0-0 12. Bxd5 cxd5 13. Qxd5 Ba6 14. Qxc5 Bxf1 15. Kxf1 Re8 16. Bf4 c6 17. Qe3 Qa5 18. Qg3 Re6 19. b4 Qb5+ 20. Kg1 Rg6 21. Qe3 a6 22. Rd1 Qb7 23. a4 Rc8 24. Qh3 Rd8 25. Be3 d6 26. Bf4 d5 27. Be3 Qe7 28. Bb6 Re8 29. Bd4 Qg5 30. Re1 Qd2 31. Qe3 Qc2 32. Qh3 Qxa4 33. Qd7 Rge6 34. f4 R6e7 35. Qg4 Re6 36. f5 Rh6 37. Be3 Rxe5 38. f6 Kf8 39. Qc8+ Re8 40. fxg7+ Ke7 41. Bxh6+ 1-0

[Event "Trophee Roza Lallemand Online"]
[White "Mezzapesa, Juliette"]
[Black "Aubert, Elea"]
[Site "Tornelo INT"]
[Round "7"]
[Result "0-1"]
[Date "2020.12.13"]
[WhiteElo "1345"]
[BlackElo "1470"]
[PlyCount "112"]
[EventDate "2020.12.13"]
[EventType "swiss (rapid)"]
[EventRounds "9"]
[EventCountry "USA"]
[SourceTitle "EXT 2022"]
[Source "ChessBase"]
[SourceDate "2021.10.06"]
[SourceVersion "1"]
[SourceVersionDate "2021.10.06"]
[SourceQuality "1"]

1. d4 d5 2. Bf4 Nc6 3. c3 Bf5 4. e3 e6 5. Bd3 Bg6 6. Nf3 Bd6 7. Bg3 Nf6 8. Ne5 Bxe5 9. dxe5 Ne4 10. f4 Nxg3 11. hxg3 Qe7 12. Bxg6 fxg6 13. Nd2 Qc5 14. Qe2 0-0-0 15. 0-0-0 d4 16. Nb3 d3 17. Rxd3 Qb6 18. Nd4 Na5 19. b3 h6 20. Rhd1 Rhe8 21. g4 Rd7 22. Qf3 Rd5 23. c4 Rdd8 24. Nb5 Nc6 25. Rxd8+ Rxd8 26. Rxd8+ Nxd8 27. Qe4 g5 28. g3 gxf4 29. gxf4 Nc6 30. Kd2 Qa5+ 31. Nc3 Qc5 32. f5 Qe7 33. fxe6 Qxe6 34. Qf5 Qxf5 35. gxf5 Nxe5 36. Nd5 Kd7 37. e4 Nf3+ 38. Ke3 Ng5 39. e5 c6 40. e6+ Kd8 41. Nf4 Nh7 42. Kd4 Nf6 43. Ke5 Ke7 44. Ng6+ Ke8 45. Kd6 Ne4+ 46. Kc7 Nc5 47. b4 Na6+ 48. Kxb7 Nxb4 49. a3 Nc2 50. Kxa7 Nxa3 51. e7 Nxc4 52. Kb7 Nd6+ 53. Kxc6 Nxf5 54. Kc7 Nxe7 55. Nf4 Nf5 56. Nh5 Kf7 0-1